000 01243cam a22003977a 4500
003 CHAP
005 20220817043443.0
008 980609d1994 it a r 00110 eng d
010 _a75745
011 _a76717
020 _a9251035849
035 _a86304
040 _cCHAP
082 0 4 _a639.2
_bF3 v.338
110 2 _aFAO
245 1 3 _aAn introduction to monitoring, control and surveillance systems for capture fisheries
_c/by P. Flewwelling
260 _aRome :
_bFAO,
_c1994.
300 _a217 p. :
_bilus.
410 2 1 _aFAO
490 9 _aDocumento técnico de pesca
_v; 338
590 _aBATCH-UPD
_b10
_c20130110
_lUCH01
_h0742
590 _aBATCH-UPD
_b10
_c20130410
_lUCH01
_h0423
590 _aBATCH-UPD
_b10
_c20130914
_lUCH01
_h1344
590 _aCONVERSION
_b10
_c20130109
_lUCH01
_h1341
650 1 4 _aPesca
_xAdministración.
_987353
650 1 4 _aPesca
_xLeyes.
_987396
650 1 4 _aPesquería.
_987496
650 1 4 _aRecursos marinos
_xLeyes.
_995155
700 0 _aFlewwelling, P.
_941279
810 0 _aFAO
830 9 _aDocumento técnico de pesca
_v; 338
_933242
901 _aBK
905 _aLilia Sánchez G.
942 _cLIBRO
949 _a639.2 F3 v.338
_bBC
_cFAO
_d33724000694253
_eFAO1
_h89913
_i86304
_kDonaciØn
_sb
999 _c75745
_d75745